MLB 2026 Home Run Leaders at the start of May - Statistics

General Stats
  • This quiz has been taken 81 times
  • The average score is 12 of 12
Answer Stats
Rank # of Homers Team Position Answer % Correct
2. 12 Yankees RF Aaron Judge
100%
4. 11 Phillies LF/DH Kyle Schwarber
100%
4. 11 Braves 1B Matt Olson
100%
7. 10 Angels CF Mike Trout
100%
7. 10 Reds SS Elly De La Cruz
99%
2. 12 Astros LF/DH Yordan Alvarez
99%
7. 10 Nationals RF James Wood
97%
1. 13 White Sox 1B/3B Munetaka Murakami
97%
4. 11 Yankees 1B Ben Rice
96%
7. 10 Twins CF Byron Buxton
94%
7. 10 Athletics C Shea Langeliers
91%
7. 10 Cardinals RF Jordan Walker
86%
No matching quizzes found
Score Distribution
Percent of People with Each Score
Percentile by Number Answered
Your Score History
You have not taken this quiz